000 004100000a22001690004500
003 LK-CoMWRAF
008 230817t ||||| |||| 00| 0 eng d
040 _aLK-CoMWRAF
_dLK-CoMWRAF
_eLK-CoMWRAF
041 _aeng
082 _a490
_bSIT
100 _aSithamparanathan, K
245 _aSamooka maatrathukana aranku
_b
260 _aMadras
_bSAB
_c1994
300 _ap.157
650 _aliterature
942 _cBK
999 _c2801
_d2801